Journal of the operations research society of Japan

Guardado en:
Detalles Bibliográficos
Formato: Seriadas
Lenguaje:inglés
Publicado: Tokyo The Operations Research of Japan 1984
Etiquetas: Agregar Etiqueta
Sin Etiquetas, Sea el primero en etiquetar este registro!

MARC

LEADER 00000nas2a2200000 4500
001 s109549
005 20250730114202.9
041 0 |a eng 
044 |a JP 
245 1 0 |a Journal of the operations research society of Japan 
264 1 |a Tokyo  |b The Operations Research of Japan  |c 1984 
300 |a 1 zv. 
773 0 |w eu_un_cat*s120958